「ご」で終わる駅名 - Statistics

General Stats
  • This quiz has been taken 81 times
  • The average score is 7 of 27
Answer Stats
都道府県 駅名 読み % Correct
宮城県 愛宕 あたご
56%
千葉県 愛宕 あたご
56%
神奈川県 長後 ちょうご
49%
愛知県 前後 ぜんご
41%
北海道 高砂 たかさご
41%
兵庫県 高砂 たかさご
41%
秋田県 醍醐 だいご
36%
京都府 醍醐 だいご
36%
群馬県 大胡 おおご
31%
東京都 京成高砂 けいせいたかさご
31%
茨城県 常陸大子 ひたちだいご
31%
滋賀県 余呉 よご
30%
神奈川県 磯子 いそご
26%
岡山県 寒河 そうご
26%
山梨県 笹子 ささご
25%
山口県 奈古 なご
25%
鳥取県 米子 よなご
23%
福井県 北府 きたご
20%
兵庫県 兵庫 ひょうご
18%
滋賀県 尼子 あまご
15%
宮城県 陸前高砂 りくぜんたかさご
15%
岩手県 巣子 すご
13%
茨城県 黒子 くろご
10%
和歌山県 下兵庫 しもひょうご
10%
愛媛県 余戸 ようご
10%
愛知県 二子 ふたご
8%
大阪府 清児 せちご
7%
No matching quizzes found
Score Distribution
Percent of People with Each Score
Percentile by Number Answered
Your Score History
You have not taken this quiz